Strategic issues management : (Record no. 1199)
[ view plain ]
| 000 -LEADER | |
|---|---|
| fixed length control field | 00869nam a22002412 4500 |
| 001 - CONTROL NUMBER | |
| control field | 0000020560 |
| 005 - DATE AND TIME OF LATEST TRANSACTION | |
| control field | 20151021151139.0 |
| 008 - FIXED-LENGTH DATA ELEMENTS--GENERAL INFORMATION | |
| fixed length control field | 110922s xx 000 0 eng d |
| 020 ## - INTERNATIONAL STANDARD BOOK NUMBER | |
| International Standard Book Number | 1412952118 : |
| 040 ## - CATALOGING SOURCE | |
| Original cataloging agency | KABU |
| Transcribing agency | KABU |
| 100 1# - MAIN ENTRY--PERSONAL NAME | |
| Personal name | Heath, Robert L. |
| -- | 0000150863 |
| 245 10 - TITLE STATEMENT | |
| Title | Strategic issues management : |
| Remainder of title | organizations and public policy challenges / |
| Statement of responsibility, etc. | Robert L. Heath, Michael J. Palenchar. |
| 250 ## - EDITION STATEMENT | |
| Edition statement | 2nd ed. |
| 260 ## - PUBLICATION, DISTRIBUTION, ETC. (IMPRINT) | |
| Place of publication, distribution, etc. | London : |
| Name of publisher, distributor, etc. | SAGE, |
| Date of publication, distribution, etc. | 2009. |
| 300 ## - PHYSICAL DESCRIPTION | |
| Extent | xii, 412 p. |
| 650 #0 - SUBJECT ADDED ENTRY--TOPICAL TERM | |
| Topical term or geographic name as entry element | Issues management |
| Geographic subdivision | United States. |
| -- | 0000180953 |
| 650 #0 - SUBJECT ADDED ENTRY--TOPICAL TERM | |
| Topical term or geographic name as entry element | Industrial management |
| General subdivision | Social aspects. |
| Geographic subdivision | United States. |
| -- | 0000180954 |
| 650 #0 - SUBJECT ADDED ENTRY--TOPICAL TERM | |
| Topical term or geographic name as entry element | Strategic planning |
| Geographic subdivision | United States. |
| -- | 0000180955 |
| 700 1# - ADDED ENTRY--PERSONAL NAME | |
| Personal name | Palenchar, Michael J. |
| -- | 0000180956 |
| 852 1# - LOCATION | |
| -- | p6874.25 KES |
| 908 ## - PUT COMMAND PARAMETER (RLIN) | |
| Put command parameter | 110922 |
| 950 ## - LOCAL HOLDINGS (RLIN) | |
| -- | 1 |
| Withdrawn status | Lost status | Source of classification or shelving scheme | Not for loan | Home library | Current library | Date acquired | Total Checkouts | Full call number | Barcode | Date last seen | Date last checked out | Price effective from | Koha item type |
|---|---|---|---|---|---|---|---|---|---|---|---|---|---|
| Library of Congress Classification | Kabarak, Nakuru City Campus | Kabarak, Nakuru City Campus | 21/10/2015 | 1 | HD59.5 .H43 2009 c. 1 | 19279 | 22/10/2016 | 17/10/2016 | 21/10/2015 | General Collection |